Szczegóły MARC21

Cognitive space and linguistic case : semantic and syntactic categories in English /

003 -Nazwa inst., której nr kontr. jest w polu 001 [,]
    • @
    • Nazwa instytucji, której n kontrolny jest w polu 001
    • NUKAT
005 -DATA I CZAS OSTATNIEJ MODYFIKACJI [,]
    • @
    • pole kontrolne
    • 20241231093608.0
020 -Międzynarod. znormalizowany nr książki - ISBN [ , ]
    • a
    • Numer ISBN
    • 9780521434362 Find
    • q
    • Dopowiedzenie
    • hbk
020 -Międzynarod. znormalizowany nr książki - ISBN [ , ]
    • a
    • Numer ISBN
    • 052143436X Find
    • q
    • Dopowiedzenie
    • hbk
020 -Międzynarod. znormalizowany nr książki - ISBN [ , ]
    • a
    • Numer ISBN
    • 9780521027366 Find
    • q
    • Dopowiedzenie
    • pbk
020 -Międzynarod. znormalizowany nr książki - ISBN [ , ]
    • a
    • Numer ISBN
    • 0521027365 Find
    • q
    • Dopowiedzenie
    • pbk
040 -Instytucja sporządzająca opis [ , ]
    • a
    • Instytucja, która sporządziła opis (NP)
    • KR U/77MC
    • c
    • Instytucja, która sporządziła rekord (NP)
    • KR U/77MC
    • d
    • Instytucja, która zmodyfikowała rekord (P)
    • KR U/77MC
942 -Rodzaj dokumentu [ , ]
    • c
    • Rodzaj dokumentu
    • Książka
100 -Hasło główne - nazwa osobowa [1, ]
    • a
    • Nazwa osobowa (NP)
    • Schlesinger, I. M.
    • 9
    • KHW
    • 645235
245 -Strefa tytułu i oznaczenia odpowiedzialności [1,0]
    • a
    • Tytuł
    • Cognitive space and linguistic case : Find
    • b
    • Ciąg dalszy tytułu (NP)
    • semantic and syntactic categories in English / Find
    • c
    • Pozostałe elementy strefy tytułu i oznaczenia odpowiedzialności (NP)
    • Izchak M. Schlesinger.
260 -Strefa adresu wydawniczego [ , ]
    • a
    • Miejsce wydania (P)
    • Cambridge :
    • b
    • Nazwa wydawcy (P)
    • Cambridge University Press,
    • c
    • Data wydania (P)
    • 2006.
300 -Strefa opisu fizycznego [ , ]
    • a
    • Określenie formy książki i/lub objętość (NP)
    • XIV, 239 s. ;
    • c
    • Format (NP)
    • 23 cm.
336 -Typ zawartości [ , ]
    • a
    • Termin opisujący typ zawartości
    • Tekst
    • b
    • Kod określający zawartość
    • txt
    • 2
    • Źródło (terminu i kodu)
    • rdacontent
337 -Typ mediów [ , ]
    • a
    • Tryb odtwarzania
    • Bez urządzenia pośredniczącego
    • b
    • Kod typu mediów
    • n
    • 2
    • Źródło (terminu i kodu)
    • rdamedia
338 -Typ/rodzaj nośnika [ , ]
    • a
    • Hasło opisujące typ nośnika
    • Wolumin
    • b
    • Kod typu nośnika
    • nc
    • 2
    • Źródło (terminu i kodu)
    • rdacarrier
490 -Strefa serii i książki wielotomowej - forma nie do wyszukiwania [1, ]
    • a
    • Tytuł (P)
    • Studies in English Language (Cambridge) Find
830 -Hasło dodatkowe serii i opisu książki wielotomowej - tytuł ujednolicony/tytuł [ ,0]
    • a
    • Tytuł ujednolicony/tytuł (NP)
    • Studies in English Language (Cambridge)
    • 9
    • KHW
    • 608163
504 -Uwaga dot. bibliogr. załącznikowej [ , ]
    • a
    • Uwaga dot. bibliografii załącznikowej
    • Bibliogr. s. 227-232. Indeksy.
080 -Uniwersalna Klasyfikacja Dziesiętna [ , ]
    • 2
    • Identyfikator wydania tablic
    • UDC-P058
    • a
    • Symbol klasyfikacji
    • 811.111'367
    • b
    • Dopowiedzenie
    • Język angielski - Składnia. Syntaktyka. Zdania.
    • x
    • Poddział wspólny
    • =111
    • b
    • Dopowiedzenie
    • =Język angielski.
080 -Uniwersalna Klasyfikacja Dziesiętna [ , ]
    • 2
    • Identyfikator wydania tablic
    • UDC-P058
    • a
    • Symbol klasyfikacji
    • 811.111'37
    • b
    • Dopowiedzenie
    • Język angielski - Semantyka. Denotacja. Konotacja.
    • x
    • Poddział wspólny
    • =111
    • b
    • Dopowiedzenie
    • =Język angielski.
980 -Symbol UKD [ , ]
    • a
    • UKD
    • 811.111'367'37=111
920 -ISBN [ , ]
    • a
    • ISBN
    • 978-0-521-43436-2 Find
    • q
    • Dopowiedzenie
    • hbk
920 -ISBN [ , ]
    • a
    • ISBN
    • 0-521-43436-X Find
    • q
    • Dopowiedzenie
    • hbk
920 -ISBN [ , ]
    • a
    • ISBN
    • 978-0-521-02736-6 Find
    • q
    • Dopowiedzenie
    • pbk
920 -ISBN [ , ]
    • a
    • ISBN
    • 0-521-02736-5 Find
    • q
    • Dopowiedzenie
    • pbk
Status udost. Sygnatura Numer inwentarzowy Data inwentaryzacji Lokalizacja
1ANG. Językozn. kognitywne 16A.84642009-06-04BM